El patrimonio
Enregistré dans:
| Auteur principal: | |
|---|---|
| Format: | Inconnue |
| Langue: | anglais |
| Publié: |
Santiago, Chile
Ediciones Jurídicas de Santiago
2021
|
| Édition: | Cuarta edición actualizada |
| Sujets: | |
| Tags: |
Ajouter un tag
Pas de tags, Soyez le premier à ajouter un tag!
|
MARC
| LEADER | 00000 a2200000 4500 | ||
|---|---|---|---|
| 003 | CL-VaPUC | ||
| 005 | 20240103160833.0 | ||
| 008 | 210624b ||||| |||| 00| 0 eng d | ||
| 999 | |c 433206 |d 433204 | ||
| 020 | |a 978-956-6053-63-7 | ||
| 040 | |c Pontificia Universidad Católica de Valparaíso | ||
| 082 | |a 346.8304 FIG 2021 | ||
| 100 | |a Figueroa Yáñez, Gonzalo |e autor |9 296658 | ||
| 245 | |a El patrimonio | ||
| 250 | |a Cuarta edición actualizada |b por Gonzalo Figueroa Edwards y Luis Leonardo Vargas Sáez. | ||
| 260 | |a Santiago, Chile |b Ediciones Jurídicas de Santiago |c 2021 | ||
| 300 | |a 675 páginas | ||
| 505 | |a Incluye leyes: Nº 20.190, sobre modernización del mercado de capitales; Nº 20.720, sobre reorganización y liquidación de activos empresas y personas; Nº 20.830, sobre acuerdo de unión civil; Nº 21.000, que crea la comisión para el mercado financiero. | ||
| 583 | |k Cristina Rojas |c 20210624 | ||
| 650 | 0 | |a Patrimonio |v Derecho y legislación |z Chile |9 257770 | |
| 650 | 0 | |a Patrimonio |x Código civil chileno |9 861927 | |
| 942 | |2 ddc |c BK | ||
| 952 | |0 0 |1 0 |2 ddc |4 0 |6 346_830400000000000_FIG_2021 |7 0 |8 A |9 578301 |a BIBDER |b BIBDER |d 2021-06-24 |e 22 |g 83300.00 |i 5585503 |l 1 |o 346.8304 FIG 2021 |p 5585503 |r 2023-01-25 |s 2022-12-20 |t 1 |v 83300.00 |w 2021-06-24 |y BK |k DER | ||